|
|
|
|
| LEADER |
00000nab a2200000 a 4500 |
| 001 |
vtls009461074 |
| 003 |
SK-MaSNL |
| 005 |
20260305014215.0 |
| 008 |
090114c2008 xo drz 0 0slo |
| 038 |
|
|
|a KEVKJB
|
| 040 |
|
|
|a KEVKJB
|b slo
|c KEVKJB
|e AACR2
|
| 041 |
0 |
|
|a slo
|
| 044 |
|
|
|a xo
|c SK
|
| 080 |
|
|
|a 027.53
|2 2001
|
| 100 |
1 |
|
|a Hricová, Iveta,
|c knihovníčka
|4 aut
|9 106910
|
| 245 |
1 |
0 |
|a Verejná knižnica J. Bocatia-pobočka č. 11-Nad jazerom
|c Iveta Hricová
|
| 300 |
|
|
|b Fotogr.
|
| 600 |
1 |
7 |
|a Futová, Gabriela,
|d 1971-
|2 kevkjb
|9 100455
|
| 610 |
2 |
7 |
|a Verejná knižnica Jána Bocatia v Košiciach.
|b Pobočka Nad jazerom
|2 kevkjb
|9 259996
|
| 650 |
0 |
7 |
|a besedy
|2 kevkjb
|9 285511
|
| 651 |
|
7 |
|a Košice (Slovensko)
|2 kevkjb
|9 18694
|
| 651 |
|
7 |
|a Nad jazerom (Košice IV, Slovensko)
|2 kevkjb
|9 160202
|
| 773 |
0 |
|
|t Jazerčan
|g Č. 1 (2008), s. 13
|
| 852 |
|
|
|a KEVKJB
|b KIS3GCP
|
| 958 |
|
|
|a KL
|
| 999 |
|
|
|c 3268287
|d 3270217
|